000 00477nam a2200145 a 4500
008 120416s1966 ||||||||||||||||| || u
050 _aQC 611 Nic
100 _aNichols, K. G
245 1 0 _aTransistor physics
260 _aLondon
_bChapman & Hall
_c1966
300 _axii, 332p.
350 _a0.00
650 0 _aPHYSICS
995 _D0.00
_FCBU-MAIN LIBRARY (Kitwe)
_H1
_I3.95
_M1
_UAVAILABLE
_ZAnnex Low-Usage Collection
999 _c60314
_d60314